| 000 | 01251cam a22002651i 4500 | ||
|---|---|---|---|
| 003 | SA-RiAUC | ||
| 005 | 20250407074724.0 | ||
| 008 | 250327s1992 su f f000 0 ara c | ||
| 040 |
_aSA-EnSBSSC _bara _cSA-RiAUC _erda |
||
| 082 | 0 | 4 |
_a025.48 _qSA-RiAUC |
| 090 |
_a025.48 _bع ب ا |
||
| 100 | 1 |
_aعباس، هشام عبد الله حسن، _d1366 هجري- _eمؤلف. |
|
| 245 | 1 | 0 |
_aخصائص الاستشهادات المرجعية للباحثين في علم المكتبات والمعلومات مع دراسة تحليلية لمجلة مكتبة الإدارة العامة بالرياض / _cتأليف هشام بن عبد الله عباس. |
| 264 | 1 |
_aالرياض : _bمكتبة الملك فهد الوطنية، _c1992 |
|
| 300 |
_a111 صفحة ؛ _c24 سم |
||
| 336 |
_aنص _btxt _2rdacontent _3كتاب |
||
| 337 |
_aبدون وسيط _bn _2rdamedia |
||
| 338 |
_aمجلد _bnc _2rdacarrier |
||
| 630 | 0 | 7 |
_aمجلة مكتبة الإدارة العامة (الرياض) _2aucut |
| 650 | 7 |
_aالتكشيف _2aucsh |
|
| 650 | 7 |
_aالاستشهادات المرجعية _2aucsh |
|
| 730 | 0 | _aمجلة مكتبة الإدارة العامة (الرياض) | |
| 942 |
_2ddc _cBOOK _n0 |
||
| 949 |
_aSA-JeALM _d250327 _umohamedma123 _n1 |
||
| 999 |
_c6736 _d6736 |
||